000 00392pab a2200169 454500
008 180718b2011 xxu||||| |||| 00| 0 eng d
100 _aShah, Muhammad Azeem Ali
245 _aLessons from the 2010 floods in Pakistan
260 _c2011
300 _ap.23-25.
362 _aOct
650 _aFloods - Pakistan
650 _aFloods
773 _aSeminar
908 _aN
909 _a93681
999 _c93681
_d93681